1文字目以外に「新」がつく駅 - Statistics

General Stats
  • This quiz has been taken 129 times
  • The average score is 19 of 70
Answer Stats
Hint Answer % Correct
福岡市 西新
91%
新宿区 西新宿
84%
新宿区 東新宿
81%
新宿区 西新宿五丁目
60%
渋谷区 南新宿
60%
さいたま市 さいたま新都心
51%
足立区 西新井
51%
新潟市 東新潟
51%
新宿区 西武新宿
47%
新発田市 西新発田
47%
中野区 中野新橋
45%
新庄市 南新庄
40%
越前市 たけふ新
40%
足立区 西新井大師西
39%
横浜市 北新横浜
39%
川崎市 川崎新町
39%
川崎市 武蔵新城
38%
小野町 小野新町
36%
宇部市 宇部新川
35%
横浜市 神奈川新町
34%
津市 津新町
34%
松戸市 松戸新田
32%
川崎市 小島新田
32%
妙高市 北新井
32%
新宮町 西鉄新宮
29%
世田谷区 桜新町
27%
新潟市 東新津
27%
刈谷市 野田新町
27%
新富町 日向新富
27%
大田区 武蔵新田
26%
横浜市 京急新子安
25%
仙台市 小鶴新田
23%
松本市 北新・松本大学前
23%
市川市 二俣新町
22%
富山市 東新庄
22%
岩国市 清流新岩国
22%
射水市 東新湊
21%
松本市 下新
21%
新城市 東新町
21%
大阪市 北新地
21%
青森市 津軽新城
19%
射水市 中新湊
19%
東大阪市 鴻池新田
19%
葛城市 大和新庄
18%
葛城市 近鉄新庄
18%
八幡平市 荒屋新町
16%
仙台市 奥新川
16%
桐生市 東新川
16%
大阪市 上新庄
16%
明石市 西新町
16%
たつの市 播磨新宮
16%
出雲市 湖遊館新駅
16%
宇部市 東新川
16%
豊島区 巣鴨新田
14%
辰野町 伊那新町
14%
碧南市 北新川
13%
大阪市 下新庄
13%
福井市 越前新保
10%
田辺市 紀伊新庄
10%
須崎市 土佐新荘
10%
桐生市 下新田
9%
甘楽町 上州新屋
9%
川崎市 二子新地
8%
東海市 八幡新田
6%
富山市 犬島新町
4%
射水市 第一イン新湊 クロスベイ前
3%
広島市 祇園新橋北
3%
高知市 東新木
3%
都城市 高崎新田
3%
高松市 八栗新道
1%
No matching quizzes found
Score Distribution
Percent of People with Each Score
Percentile by Number Answered
Your Score History
You have not taken this quiz